[Event "Bohumin op-A 6th"]
[Site "Bohumin"]
[Date "2023.07.06"]
[Round "6"]
[White "Pelc, Adam"]
[Black "Didi, Jan"]
[Result "1/2-1/2"]
[WhiteElo "1902"]
[BlackElo "1958"]
[PlyCount "70"]
[EventDate "2023.07.01"]
[EventType "swiss"]
[EventRounds "9"]
[EventCountry "CZE"]
[SourceTitle "CBM 215 Extra"]
[Source "ChessBase"]
[SourceDate "2023.09.30"]
[SourceVersion "1"]
[SourceVersionDate "2023.09.30"]
[SourceQuality "1"]

1. e4 c5 2. Nf3 e6 3. d4 cxd4 4. Nxd4 Nf6 5. Bd3 Nc6 6. Nxc6 dxc6 7. 0-0 e5 8. Nd2 Be7 9. b3 Be6 10. Bb2 Qc7 11. Bc4 Bd7 12. Qf3 0-0 13. h3 b5 14. Bd3 Rfe8 15. Rfe1 Rad8 16. a4 a6 17. Bc3 Bc5 18. axb5 axb5 19. Ra6 Ra8 20. Rea1 Rxa6 21. Rxa6 Bc8 22. Ra1 Qd6 23. Nf1 Bd4 24. Bxd4 Qxd4 25. Rd1 Qb6 26. Ne3 Be6 27. Nf5 Bxf5 28. Qxf5 h6 29. Be2 Qc5 30. c4 b4 31. Bh5 Qe7 32. Be2 g6 33. Qf3 Rd8 34. Rxd8+ Qxd8 35. Qd3 Qd6 1/2-1/2

[Event "Bohumin op 5th"]
[Site "Bohumin"]
[Date "2022.07.09"]
[Round "8"]
[White "Lojek, Marek"]
[Black "Pelc, Adam"]
[Result "1/2-1/2"]
[WhiteElo "2142"]
[BlackElo "1874"]
[PlyCount "123"]
[EventDate "2022.07.02"]
[EventType "swiss"]
[EventRounds "9"]
[EventCountry "CZE"]
[SourceTitle "CBM 209 Extra"]
[Source "ChessBase"]
[SourceDate "2022.09.30"]
[SourceVersion "1"]
[SourceVersionDate "2022.09.30"]
[SourceQuality "1"]

1. e4 d5 2. exd5 Qxd5 3. Nc3 Qd8 4. d4 Nf6 5. Nf3 Bg4 6. h3 Bxf3 7. Qxf3 c6 8. Be3 e6 9. 0-0-0 Be7 10. Bd3 Nd5 11. Nxd5 Qxd5 12. Qxd5 cxd5 13. Rde1 Nc6 14. c3 a6 15. a4 Na5 16. Kc2 Rc8 17. b3 Nc6 18. Kb2 0-0 19. f4 Bd6 20. Bd2 Ne7 21. Rhf1 Rce8 22. g4 Nc6 23. Re2 f6 24. Ref2 Rf7 25. g5 f5 26. h4 Rfe7 27. Be2 Rb8 28. Bf3 Kf8 29. Re2 Ke8 30. g6 h6 31. Ra1 Kd7 32. Be3 Na5 33. Ree1 Ree8 34. Be2 Rec8 35. Rec1 Be7 36. h5 Bf6 37. Kc2 Rc7 38. Rab1 Rbc8 39. Kd3 Rc6 40. Bd2 b5 41. axb5 axb5 42. Ke3 Rb6 43. c4 Nc6 44. Bc3 bxc4 45. bxc4 Rcb8 46. Rxb6 Rxb6 47. cxd5 exd5 48. Bd3 Ke6 49. Re1 Rb3 50. Kd2+ Kd6 51. Bc2 Rb7 52. Bxf5 Nxd4 53. Bg4 Ra7 54. Bxd4 Bxd4 55. Kd3 Bf6 56. Re6+ Kc5 57. Rxf6 gxf6 58. Be6 Kd6 59. Bf7 Ke7 60. Bxd5 Kf8 61. Ke4 Kg7 62. Be6 1/2-1/2

[Event "CZE-ch U16"]
[Site "Luhacovice"]
[Date "2022.03.18"]
[Round "8"]
[White "Mrazek, Roman1111"]
[Black "Pelc, Adam"]
[Result "0-1"]
[WhiteElo "1820"]
[BlackElo "1811"]
[PlyCount "68"]
[EventDate "2022.03.12"]
[EventType "swiss"]
[EventRounds "9"]
[EventCountry "CZE"]
[SourceTitle "EXT 2023"]
[Source "ChessBase"]
[SourceDate "2022.10.05"]
[SourceVersion "1"]
[SourceVersionDate "2022.10.05"]
[SourceQuality "1"]

1. e4 c6 2. d4 d5 3. exd5 cxd5 4. c4 Nf6 5. Nc3 Nc6 6. Bg5 Be6 7. Bxf6 exf6 8. c5 Be7 9. Bb5 0-0 10. Nge2 Qc7 11. Rc1 Rad8 12. 0-0 Bg4 13. f3 Be6 14. a3 f5 15. b4 a6 16. Ba4 Bf6 17. Qd3 Ne7 18. f4 Ra8 19. Rb1 g6 20. g3 Bg7 21. Rfc1 Kh8 22. Kg2 Ng8 23. b5 axb5 24. Qxb5 Rfb8 25. Qb6 Qe7 26. Rb4 Bd7 27. Bb3 Bc6 28. Bd1 Rxa3 29. Rbb1 Rba8 30. Qb4 Nf6 31. Nb5 Qe4+ 32. Kh3 Ng4 33. Qe1 Bxb5 34. Rxb5 Qf3 0-1